| 000 | 00688nam a2200253Ia 4500 | ||
|---|---|---|---|
| 003 | OSt | ||
| 005 | 20220918171140.0 | ||
| 006 | a|||||r|||| 00| 0 | ||
| 007 | ta | ||
| 008 | 220917b |||||||| |||| 00| 0 eng d | ||
| 020 | _a9781403941152 (hb) | ||
| 024 | _a231,578 | ||
| 037 | _cTextual | ||
| 040 |
_aARTS _cARTS _beng |
||
| 041 |
_2eng _aeng |
||
| 082 | _aY15, P5 | ||
| 100 |
_aCudworth Erika _934505 |
||
| 245 | 0 |
_aDeveloping ecofeminist theory _b the complexity of difference |
|
| 260 |
_aMacmillan _bPalgrave _c2005 |
||
| 300 |
_aix,218p. _ccm. |
||
| 650 | _aSOCIOLOGY; FEMINISM | ||
| 942 |
_hY15, P5 _cTEXL _2CC |
||
| 999 |
_c138113 _d138113 |
||